|
|
|
|
| LEADER |
00000cam a22000004a 4500 |
| 001 |
musev2_68418 |
| 003 |
MdBmJHUP |
| 005 |
20230905051050.0 |
| 006 |
m o d |
| 007 |
cr||||||||nn|n |
| 008 |
191004t20192019azu o 00 0 eng d |
| 020 |
|
|
|a 9780816540464
|
| 020 |
|
|
|z 9780816539536
|
| 035 |
|
|
|a (OCoLC)1123184619
|
| 040 |
|
|
|a MdBmJHUP
|c MdBmJHUP
|
| 245 |
0 |
0 |
|a Black Girl Magic Beyond the Hashtag :
|b Twenty-First-Century Acts of Self-Definition /
|c edited by Julia S. Jordan-Zachery and Duchess Harris ; foreword by Janell Hobson ; afterword by Tammy Owens.
|
| 264 |
|
1 |
|a Tucson :
|b University of Arizona Press,
|c 2019.
|
| 264 |
|
3 |
|a Baltimore, Md. :
|b Project MUSE,
|c 2019
|
| 264 |
|
4 |
|c ©2019.
|
| 300 |
|
|
|a 1 online resource (216 pages).
|
| 336 |
|
|
|a text
|b txt
|2 rdacontent
|
| 337 |
|
|
|a computer
|b c
|2 rdamedia
|
| 338 |
|
|
|a online resource
|b cr
|2 rdacarrier
|
| 588 |
|
|
|a Description based on print version record.
|
| 650 |
|
7 |
|a Womanism.
|2 fast
|0 (OCoLC)fst01739388
|
| 650 |
|
7 |
|a Feminism.
|2 fast
|0 (OCoLC)fst00922671
|
| 650 |
|
7 |
|a African American women.
|2 fast
|0 (OCoLC)fst00799438
|
| 650 |
|
7 |
|a African American feminists.
|2 fast
|0 (OCoLC)fst01201928
|
| 650 |
|
7 |
|a feminism.
|2 aat
|
| 650 |
|
6 |
|a Feministes noires americaines.
|
| 650 |
|
6 |
|a Noires americaines.
|
| 650 |
|
6 |
|a Feminisme.
|
| 650 |
|
6 |
|a Womanisme.
|
| 650 |
|
2 |
|a Feminism
|
| 650 |
|
0 |
|a African American feminists.
|
| 650 |
|
0 |
|a African American women.
|
| 650 |
|
0 |
|a Feminism.
|
| 650 |
|
0 |
|a Womanism.
|
| 655 |
|
7 |
|a Electronic books.
|2 local
|
| 700 |
1 |
|
|a Jordan-Zachery, Julia S.,
|e editor.
|
| 700 |
1 |
|
|a Harris, Duchess,
|e editor.
|
| 710 |
2 |
|
|a Project Muse.
|
| 710 |
2 |
|
|a Project Muse.
|e distributor
|
| 830 |
|
0 |
|a Book collections on Project MUSE.
|
| 856 |
4 |
0 |
|z Texto completo
|u https://projectmuse.uam.elogim.com/book/68418/
|
| 945 |
|
|
|a Project MUSE - Custom Collection
|
| 945 |
|
|
|a Project MUSE - 2019 Complete
|
| 945 |
|
|
|a Project MUSE - 2019 Global Cultural Studies
|
| 945 |
|
|
|a Project MUSE - 2019 American Studies
|